10 Biggest Cities in Turkmenistan - Statistics

General Stats
  • This quiz has been taken 50 times
  • The average score is 4 of 10
Answer Stats
Population City % Correct
730 000 Ashgabat
100%
115 000 Mary
88%
235 000 Turkmenabat
68%
90 000 Balkanabat
49%
165 000 Dashoguz
44%
70 000 Turkmenbasy
41%
65 000 Tejen
20%
35 000 Yoloten
17%
75 000 Bayramaly
12%
40 000 Abadan
10%
No matching quizzes found
Score Distribution
Percent of People with Each Score
Percentile by Number Answered
Your Score History
You have not taken this quiz